Bút kí - phóng sự được giải (Năm 1996-1997)

Tuyển tập gồm nhiều tác phẩm được giải của thể văn bút kí - phóng sự, đặc biệt là mảng bài viết về chống tiêu cực.

Đã lưu trong:
书目详细资料
主要作者: Tuần Báo Văn Nghệ
格式: 图书
语言:Undetermined
出版: Hà Nội Hội nhà văn 1997
主题:
标签: 添加标签
没有标签, 成为第一个标记此记录!
Thư viện lưu trữ: Trung tâm Học liệu Trường Đại học Cần Thơ
LEADER 00755nam a2200181Ia 4500
001 CTU_15582
008 210402s9999 xx 000 0 und d
082 |a 895.9228 
082 |b B522 
100 |a Tuần Báo Văn Nghệ 
245 0 |a Bút kí - phóng sự được giải (Năm 1996-1997) 
245 0 |c Tuần Báo Văn Nghệ 
260 |a Hà Nội 
260 |b Hội nhà văn 
260 |c 1997 
520 |a Tuyển tập gồm nhiều tác phẩm được giải của thể văn bút kí - phóng sự, đặc biệt là mảng bài viết về chống tiêu cực. 
650 |a vietnamese literature - 20th century 
980 |a Trung tâm Học liệu Trường Đại học Cần Thơ